000 00618nam a2200241 a 4500
001 nice12345678
003 IN_TiNIC
005 20260116013304.0
008 050524s1998 dela grp 000 0 eng
020 _a8172140
_c85
082 0 0 _a270.50954
_bENG
100 _aEngland, John C
245 _aHidden History of Christianity in Asia
260 _aDelhi
_bISPCK
_c1998
300 _a203p
500 _aincludes index and biblioraphy
505 2 _aNine Pamphlets
650 _aChurch-History Modern Period, 1500
700 1 _aEngland, John C
902 _bSRS
942 _cBK
999 _c10423
_d10423